| 000 | 00788nam a2200253Ia 4500 | ||
|---|---|---|---|
| 003 | OSt | ||
| 005 | 20220928115632.0 | ||
| 006 | a|||||r|||| 00| 0 | ||
| 007 | ta | ||
| 008 | 220927b |||||||| |||| 00| 0 eng d | ||
| 020 | _cUSD 85.00 | ||
| 024 | _a141462 | ||
| 037 |
_b047, 13/12/2019, Classic Book Service _cTextual |
||
| 040 |
_aSDCL _cSDCL _beng |
||
| 041 |
_2eng _aeng |
||
| 082 | _aR3, Q8 | ||
| 100 |
_aNisenbaum Karin _9445242 |
||
| 245 | 0 |
_aFor the love of metaphysics _b Nihilism and the conflict of reason from kant to rosenzweig |
|
| 260 |
_aNew York _b Oxford university _c2018 |
||
| 300 |
_axi,280p. _ccm. |
||
| 650 | _aPhilosophy | ||
| 942 |
_hR3, Q8 _cTEXL _2CC |
||
| 999 |
_c760215 _d760215 |
||